Природоохранные мероприятия на промышленном предприятии; Экология и безопасность в техносфере: современные проблемы и пути решения

Manylion Llyfryddiaeth
Parent link:Экология и безопасность в техносфере: современные проблемы и пути решения.— 2014.— [С. 250-256]
Prif Awdur: Грибанова Ю. М.
Awdur Corfforaethol: Национальный исследовательский Томский политехнический университет (ТПУ) Юргинский технологический институт (филиал) (ЮТИ) Кафедра безопасности жизнедеятельности, экологии и физического воспитания (БЖДЭФВ)
Awduron Eraill: Грибанов А. М., Торосян Е. С. Елена Самвеловна
Crynodeb:Заглавие с титульного экрана
Iaith:Rwseg
Cyhoeddwyd: 2014
Cyfres:Социально-гуманитарные аспекты экологии
Pynciau:
Mynediad Ar-lein:http://earchive.tpu.ru/handle/11683/18554
http://www.lib.tpu.ru/fulltext/c/2014/C52/086.pdf
Fformat: MixedMaterials Electronig Pennod Llyfr
KOHA link:https://koha.lib.tpu.ru/cgi-bin/koha/opac-detail.pl?biblionumber=610202

MARC

LEADER 00000naa2a2200000 4500
001 610202
005 20260402084837.0
035 |a (RuTPU)RU\TPU\conf\7798 
035 |a RU\TPU\conf\7797 
090 |a 610202 
100 |a 20150113d2014 k y0rusy50 ca 
101 0 |a rus 
102 |a RU 
135 |a drcn ---uucaa 
181 0 |a i  
182 0 |a b 
200 1 |a Природоохранные мероприятия на промышленном предприятии  |f Ю. М. Грибанова, А. М. Грибанов, Е. С. Торосян 
203 |a Текст  |c электронный 
225 1 |a Социально-гуманитарные аспекты экологии 
300 |a Заглавие с титульного экрана 
320 |a [Библиогр.: с. 256 (5 назв.)] 
337 |a Adobe Reader 
463 0 |0 (RuTPU)RU\TPU\conf\7739  |t Экология и безопасность в техносфере: современные проблемы и пути решения  |o сборник трудов Всероссийской научно-практической конференции молодых ученых, аспирантов и студентов, г. Юрга, 27-28 ноября 2014 г.  |f Национальный исследовательский Томский политехнический университет (ТПУ), Юргинский технологический институт (ЮТИ) ; под ред. В. М. Гришагин [и др.]  |v [С. 250-256]  |d 2014 
610 1 |a труды учёных ТПУ 
610 1 |a электронный ресурс 
610 1 |a природоохранные мероприятия 
610 1 |a промышленные предприятия 
610 1 |a окружающая среда 
610 1 |a энергосберегающие технологии 
610 1 |a энергоресурсы 
700 1 |a Грибанова  |b Ю. М. 
701 1 |a Грибанов  |b А. М. 
701 1 |a Торосян  |b Е. С.  |c специалист в области экологии и безопасности жизнедеятельности  |c ассистент Юргинский технологический институт (филиал) Томского политехнического университета  |f 1981-  |g Елена Самвеловна  |3 (RuTPU)RU\TPU\pers\25696 
712 0 2 |a Национальный исследовательский Томский политехнический университет (ТПУ)  |b Юргинский технологический институт (филиал) (ЮТИ)  |b Кафедра безопасности жизнедеятельности, экологии и физического воспитания (БЖДЭФВ)  |3 (RuTPU)RU\TPU\col\18930 
801 2 |a RU  |b 63413507  |c 20220407  |g RCR 
856 4 |u http://earchive.tpu.ru/handle/11683/18554 
856 4 |u http://www.lib.tpu.ru/fulltext/c/2014/C52/086.pdf 
942 |c BK